| 000 | 00585nam a2200193 i 4500 | ||
|---|---|---|---|
| 001 | 23261 | ||
| 003 | ES-MaACL | ||
| 005 | 20230906152836.0 | ||
| 007 | t| | ||
| 008 | 021209s1934 xxk ||||1| eng d | ||
| 100 | 1 |
_aAllan, Juan. _919957 |
|
| 245 | 1 | 4 |
_aThe Cambridge shorter history of India / _cby J. Allan, T. Wolseley Haig, H.H. Dodwell. |
| 260 |
_aCambridge : _bThe University Press, _c1934. |
||
| 300 |
_aXIX, 970 p. ; _c20 cm. |
||
| 651 | 4 |
_aIndia- _xHistoria. _9145400 |
|
| 700 | 1 |
_aHaig, T. Wolseley. _961485 |
|
| 700 | 1 |
_aDodwell, H. H. _944978 |
|
| 852 |
_aES-MaACL _jA-3038 |
||
| 999 |
_c23261 _d23261 |
||